|
|
|
|
| LEADER |
00000nkm a2200000 a 4500 |
| 001 |
vtls011627127 |
| 003 |
SK-MaSNL |
| 005 |
20260425233506.0 |
| 007 |
kf bo |
| 008 |
240409s1997 xo g kuslo |
| 035 |
|
|
|a urn:nbn:sk:snk-km00cqew
|
| 035 |
|
|
|a urn:nbn:sk:snk-km3lrik
|
| 035 |
|
|
|a 8C9FC8AA-B330-427C-A56D-97CF99257896
|
| 040 |
|
|
|a SNK
|b slo
|c SNK
|e AACR2
|
| 041 |
0 |
|
|a slo
|
| 043 |
|
|
|a e-xo---
|
| 044 |
|
|
|a xo
|c SK
|
| 072 |
|
7 |
|a 394
|x Verejný a spoločenský život. Každodenný život
|2 konspekt
|
| 072 |
|
7 |
|a 929
|x Biografie
|2 konspekt
|
| 080 |
|
|
|a 394.46
|2 2011
|
| 080 |
|
|
|a (084.5)
|2 2011
|
| 080 |
|
|
|a 929
|2 2011
|
| 245 |
0 |
0 |
|a Hra bez lásky od Štefana Králika - tragikómédia v 3 dejstvách
|b propagačný plagát v českom jazyku
|h grafika
|c autor hry: Štefan Králik
|
| 260 |
|
|
|a Třeboň
|b Spolok divadelných ochotníkov J. K. Tyl
|c 1947
|
| 300 |
|
|
|a 1 plagát
|b farebný; podklad žltý, text čiernej farby
|c 62 x 43 cm
|
| 648 |
|
7 |
|2 SNKPH
|
| 650 |
0 |
7 |
|a divadlo
|2 SNKPH
|9 3335
|
| 651 |
|
7 |
|a Slovensko
|2 SNKPH
|9 14231
|
| 655 |
|
7 |
|a plagáty
|2 SNKPH
|9 70571
|
| 700 |
1 |
|
|a Králik, Štefan,
|d 1909-1983
|9 115014
|
| 852 |
|
|
|a Slovenská národná knižnica v Martine
|
| 958 |
|
|
|a CP
|
| 958 |
|
|
|a GBN
|
| 999 |
|
|
|c 767471
|d 769401
|
| 952 |
|
|
|a SNKLM
|b SNKLM
|c SNKLM_ST
|y NEVYP
|7 1
|p 17A1201922
|o snklm L 1347
|i snklm 230/1986
|8 7
|0 0
|1 0
|4 0
|d 2017-05-03
|f 1
|l 0
|r 2026-02-24 00:24:08
|w 2026-02-24
|